000
00314nam a2200121Ia 4500
008
220216s9999 xx 000 0 und d
100
_a
Shell James A
245
0
_a
Fundamentals of performance elastomer recycling
260
_b
Rubber World
_c
2009
300
_a
32-37
650
_a
Elastomer recycling
942
_c
JS
999
_c
59647
_d
59647